| 000 | 00527nam a2200205 a 4500 | ||
|---|---|---|---|
| 003 | OSt | ||
| 005 | 20151207153938.0 | ||
| 008 | 020226s1986 esp 00 1 spa d | ||
| 020 | _a84-01-30445-8 | ||
| 040 | _cBMC | ||
| 082 | _a863 | ||
| 100 | 1 |
_aGarcía-Valdecasas, Blanca _937539 |
|
| 245 | 1 | 0 |
_aClara de ninguna parte _cBlanca García-Valdecasas |
| 250 | _a1ª ed | ||
| 260 |
_aBarcelona _bPlaza & Janés _c1986 |
||
| 300 |
_a256 p. _c20 cm |
||
| 490 | 0 | _aNovela | |
| 650 | 2 | 4 |
_929289 _aNovela española |
| 942 |
_2ddc _cBK |
||
| 999 |
_c23841 _d23841 |
||